[Event "45th Olympiad 2024"]
[Site "Budapest HUN"]
[Date "2024.09.15"]
[Round "5.1"]
[Board "1"]
[White "Gukesh, D."]
[Black "Suleymanli, Aydin"]
[Result "1-0"]
[WhiteElo "2764"]
[BlackElo "2632"]
[PlyCount "75"]
[EventDate "2024.09.11"]
[WhiteTeam "India"]
[BlackTeam "Azerbaijan"]
[WhiteTeamCountry "IND"]
[BlackTeamCountry "AZE"]

1. e4 e5 2. Nf3 Nc6 3. Bc4 Nf6 4. d3 Bc5 5. Bg5 h6 6. Bh4 g5 7. Bg3 d6 8. c3 a5 9. Nbd2 Ba7 ({RR} 9... O-O 10. h4 g4 11. Nh2 h5 12. Qe2 Ne7 13. f4 Ng6 14. f5 Nf4 15. Bxf4 exf4 16. d4 Bb6 17. O-O-O d5 18. Qf1 Nxe4 19. Nxe4 dxe4 20. Qxf4 Qf6 21. Nf1 Qxf5 22. Qh6 Qh7 23. Qg5+ Kh8 24. Ng3 {½-½ Sethuraman,S (2593)-Raja,R (2524) 7th Sharjah Masters 2024 (3.37)}) 10. a3 $146 ({RR} 10. O-O O-O 11. Kh1 Nh5 12. a4 Qf6 13. Ne1 Nf4 14. Nc2 Ne7 15. Ne3 h5 16. Bxf4 exf4 17. Nd5 Nxd5 18. Bxd5 g4 19. d4 Re8 20. Qc2 h4 21. Rae1 Kg7 22. Qd1 c6 23. Bb3 Bd7 24. e5 dxe5 {0-1 Gabrielian,A (2480)-Arjun,K (2477) Chess.com Rapid Wk15 Swiss 2022 (3)}) ({RR} 10. Qe2 Qe7 11. O-O-O Be6 12. Kb1 Rg8 13. Rhe1 h5 14. h4 g4 15. Ng1 O-O-O 16. Bxe6+ Qxe6 17. Nc4 Nd7 18. Ne3 Ne7 19. Ka1 f5 20. exf5 Nxf5 21. Nc4 Rgf8 22. Rf1 a4 23. d4 Rde8 24. d5 Qh6 {0-1 Trost,E (2441)-Silva,L (2248) Titled Tue 25th Jun Late 2024 (5)}) ({RR} 10. O-O O-O 11. a3 Nh7 12. Kh1 Kg7 13. b4 h5 14. h4 g4 15. Nh2 Ne7 16. f3 f5 17. fxg4 f4 18. Be1 hxg4 19. Nxg4 Ng6 20. h5 Nf6 21. h6+ Kh7 22. Nxf6+ Rxf6 23. Qh5 Qf8 24. Nf3 Qxh6 {0-1 Pasztor,B (2368)-Dzida,K (2356) European Youth U18 Teams 2023 (4.2)}) 10... Nh5 11. Nxe5 Nxg3 12. Bxf7+ Kf8 13. Ng6+ Kg7 14. fxg3 Kxf7 15. Nxh8+ Qxh8 16. d4 Kg7 17. O-O Bd7 18. Kh1 Rf8 19. Qe2 Rxf1+ 20. Rxf1 Qe8 21. Qf3 Qe7 22. Nc4 Be6 23. Ne3 Nd8 24. Nf5+ Bxf5 25. exf5 Qf6 26. Re1 Bb6 27. g4 c5 28. d5 c4 29. Re4 Bc5 30. a4 Ba7 31. Qe2 h5 32. Re7+ Kf8 33. Re8+ Kf7 34. gxh5 g4 35. h6 Qxf5 36. h7 Qb1+ 37. Qe1 Qxe1+ 38. Rxe1 1-0

[Event "45th Olympiad 2024"]
[Site "Budapest HUN"]
[Date "2024.09.15"]
[Round "5.1"]
[Board "2"]
[White "Abasov, Nijat"]
[Black "Praggnanandhaa, R."]
[Result "1/2-1/2"]
[WhiteElo "2626"]
[BlackElo "2750"]
[PlyCount "68"]
[EventDate "2024.09.11"]
[WhiteTeam "Azerbaijan"]
[BlackTeam "India"]
[WhiteTeamCountry "AZE"]
[BlackTeamCountry "IND"]

1. d4 d5 2. Nf3 Nf6 3. Bf4 c5 4. e3 Nc6 5. Nbd2 cxd4 6. exd4 a6 7. Nb3 $146 ({RR} 7. c3 Bf5 8. Be2 e6 9. Nh4 Bg6 10. Nxg6 hxg6 11. Bf3 Bd6 12. Be3 Qc7 13. g3 Ne7 14. Qe2 Nf5 15. O-O Nxe3 16. Qxe3 O-O 17. Kg2 Rfe8 18. Rfe1 Re7 19. Qd3 Rd8 20. Re2 Qb6 21. Rb1 e5 {0-1 Nguyen,N (2641)-Punin,A (2289) Titled Tuesday intern op 04th Jan blitz 2022 (5)}) ({RR} 7. c3 Bg4 8. Qb3 Na5 9. Qc2 e6 10. Bd3 Be7 11. Ne5 Bh5 12. O-O O-O 13. Rfe1 Rc8 14. Bg5 Nc6 15. Bxf6 Bxf6 16. Bxh7+ Kh8 17. Bd3 Nxd4 18. Qa4 Nc6 19. Nxc6 Rxc6 20. Re2 Bxe2 21. Bxe2 g6 {0-1 So,W (2770)-Aronian,L (2781) NIC Classic KO rapid 2021 (1.11)}) ({RR} 7. Bd3 Bg4 8. c3 e6 9. Qb3 Bd6 10. Bxd6 Qxd6 11. O-O O-O 12. a4 g6 13. Rfe1 Bf5 14. Bf1 Qc7 15. Qa3 Kg7 16. a5 Ne4 17. Nxe4 Bxe4 18. Nd2 Bf5 19. Nb3 h5 20. Nc5 h4 21. h3 Rab8 {1-0 Dubov,D (2708)-Van Foreest,J (2682) Titled Tue 9th Jan Late 2024 (7)}) ({RR} 7. c3 Bf5 8. Nh4 Bg4 9. Qb3 Qd7 10. h3 Bh5 11. g4 Bg6 12. Nxg6 hxg6 13. Bg2 e6 14. O-O Bd6 15. Bxd6 Qxd6 16. Qxb7 O-O 17. Qb3 Rab8 18. Qc2 Rfc8 19. Nb3 g5 20. Qd2 Qf4 21. Rad1 Qxd2 {1-0 Liyanage,R (2331)-Randil,L (1929) CFSL Golden Jubilee Open 2022 (8.4)}) ({RR} 7. c3 Bf5 8. Be2 e6 9. Nh4 Be4 10. Nxe4 dxe4 11. g3 Nd5 12. Bc1 Be7 13. Ng2 O-O 14. O-O Bg5 15. Qc2 f5 16. f3 Rc8 17. Qd1 Bxc1 18. Rxc1 Qg5 19. fxe4 fxe4 20. Bc4 b5 21. Bxd5 exd5 {0-1 Tang,A (2540)-Martirosyan,H (2682) World Blitz 2022 (7.13)}) 7... Bf5 8. Bd3 Bxd3 9. Qxd3 e6 10. O-O Bd6 11. Bxd6 Qxd6 12. Rfe1 O-O 13. Ne5 Qc7 14. c3 Ne4 15. Nd2 Nxe5 16. dxe5 Nxd2 17. Qxd2 Rfc8 18. Re3 Qe7 19. Rg3 Rc4 20. Re1 b5 21. b3 Rc6 22. Qd4 Rac8 23. h4 a5 24. h5 h6 25. Ree3 b4 26. Qg4 Qf8 27. cxb4 axb4 28. Qf4 Kh8 29. Rg4 Rc1+ 30. Kh2 R1c2 31. Rf3 R8c7 32. Rg6 Qg8 33. Rxh6+ gxh6 34. Qxh6+ Qh7 1/2-1/2

[Event "45th Olympiad 2024"]
[Site "Budapest HUN"]
[Date "2024.09.15"]
[Round "5.1"]
[Board "3"]
[White "Erigaisi, Arjun"]
[Black "Mamedov, Rauf"]
[Result "1-0"]
[WhiteElo "2778"]
[BlackElo "2637"]
[PlyCount "87"]
[EventDate "2024.09.11"]
[WhiteTeam "India"]
[BlackTeam "Azerbaijan"]
[WhiteTeamCountry "IND"]
[BlackTeamCountry "AZE"]

1. e4 c5 2. Nf3 d6 3. d4 cxd4 4. Nxd4 Nf6 5. Nc3 g6 6. Be3 Bg7 7. f3 Nc6 8. Qd2 O-O 9. Bc4 Nxd4 10. Bxd4 Be6 11. Bb3 Qa5 12. O-O-O b5 13. Kb1 b4 14. Nd5 Bxd5 15. exd5 Qb5 16. Qd3 Qxd3 17. Rxd3 Rfc8 18. Re1 Rc7 19. c3 a5 20. cxb4 axb4 21. g4 Rac8 22. Rdd1 Bh6 23. h4 $146 ({RR} 23. a4 bxa3 24. bxa3 Kf8 25. Ka2 Nd7 26. Ba4 Ne5 27. Bxe5 dxe5 28. Bc6 e6 29. Rb1 exd5 30. Bxd5 Ra7 31. Rb7 Rxb7 32. Bxb7 Rc3 33. a4 Bc1 34. Kb1 Be3 35. a5 Rb3+ 36. Ka2 Bf2 37. Kxb3 Bxe1 {½-½ Gabrielian,A (2513)-Belous,V (2426) RUS-ch Higher League 62nd 2009 (6)}) 23... Bf4 24. Bb6 Rb7 25. Be3 Bxe3 26. Rxe3 Kf8 27. Ba4 Rc5 28. Bc6 Ra7 29. g5 Nd7 30. Rd4 Nb6 31. Rb3 e5 32. Rdxb4 Nxd5 33. Rb8+ Kg7 34. Bxd5 Rxd5 35. R3b7 Rxb7 36. Rxb7 Rd4 37. b4 Rxh4 38. a4 h5 39. gxh6+ Rxh6 40. a5 Rh3 41. a6 Rxf3 42. Rb5 e4 43. a7 e3 44. Kc2 1-0

[Event "45th Olympiad 2024"]
[Site "Budapest HUN"]
[Date "2024.09.15"]
[Round "5.1"]
[Board "4"]
[White "Mamedyarov, Shakhriyar"]
[Black "Vidit, Santosh Gujrathi"]
[Result "1/2-1/2"]
[WhiteElo "2733"]
[BlackElo "2720"]
[PlyCount "166"]
[EventDate "2024.09.11"]
[WhiteTeam "Azerbaijan"]
[BlackTeam "India"]
[WhiteTeamCountry "AZE"]
[BlackTeamCountry "IND"]

1. Nf3 d5 2. g3 c5 3. Bg2 Nf6 4. O-O g6 5. d4 cxd4 6. Qxd4 Bg7 7. Rd1 Nc6 8. Qa4 O-O 9. Nc3 Bf5 $146 ({RR} 9... a6 10. Qh4 Qb6 11. Nxd5 Nxd5 12. Rxd5 Nb4 13. Be3 Qxe3 14. Ng5 h6 15. fxe3 Nxd5 16. Bxd5 hxg5 17. Qxg5 e6 18. Be4 Bxb2 19. Rd1 Bg7 20. h4 {1-0 Nihal,S (2650)-So,W (2772) Speed Chess Chess.com INT blitz 2021 (3.12)}) 10. Ne1 Qb6 11. Nxd5 Nxd5 12. Bxd5 Rad8 13. c3 Bd4 14. Bxf7+ Kxf7 15. cxd4 Rxd4 16. Rxd4 Nxd4 17. Nf3 Nxe2+ 18. Kg2 Nxc1 19. Rxc1 Qxb2 20. Rc7 Qf6 21. Rxb7 Kg8 22. Rxa7 Bd7 23. Qb3+ Be6 24. Qb7 Qf5 25. Ra8 Bd5 26. Rxf8+ Kxf8 27. Qb8+ Kf7 28. Qf4 e5 29. Qe3 g5 30. h3 h5 31. Qa7+ Kg6 32. Qa6+ Kg7 33. Qa7+ Qf7 34. Qe3 Qf6 35. g4 hxg4 36. hxg4 Bc6 37. Qc3 Kh6 38. Qb3 Be4 39. Qe3 Bc6 40. Qb3 Kg7 41. Qc3 Kf8 42. a4 Ke8 43. a5 Kd7 44. Qd3+ Kc7 45. Qh7+ Kd6 46. Qd3+ Kc5 47. Qb3 Kd6 48. Qd3+ Kc7 49. Qh7+ Kc8 50. Qg8+ Kb7 51. Qb3+ Kc7 52. Qc3 Qf4 53. Kf1 Qxf3 54. Qxe5+ Kb7 55. Qb2+ Kc8 56. Qh8+ Kd7 57. Qg7+ Ke6 58. Qg8+ Kf6 59. Qh8+ Ke7 60. Qg7+ Kd6 61. Qg6+ Kc7 62. Qg7+ Bd7 63. Qxg5 Qd1+ 64. Kg2 Bc6+ 65. Kg3 Qf3+ 66. Kh4 Qh1+ 67. Kg3 Qg2+ 68. Kf4 Qe4+ 69. Kg3 Qg2+ 70. Kf4 Qxf2+ 71. Ke5 Qc5+ 72. Kf6 Qf8+ 73. Kg6 Be4+ 74. Kh5 Qf7+ 75. Kh4 Qf2+ 76. Kh5 Qh2+ 77. Qh4 Qe5+ 78. Qg5 Qh2+ 79. Qh4 Qd6 80. Qf2 Qg6+ 81. Kh4 Qh6+ 82. Kg3 Qd6+ 83. Qf4 Qxf4+ 1/2-1/2

[Event "45th Olympiad 2024"]
[Site "Budapest HUN"]
[Date "2024.09.15"]
[Round "5.2"]
[Board "1"]
[White "Ivanchuk, Vasyl"]
[Black "Rapport, Richard"]
[Result "0-1"]
[WhiteElo "2635"]
[BlackElo "2715"]
[PlyCount "51"]
[EventDate "2024.09.11"]
[WhiteTeam "Ukraine"]
[BlackTeam "Hungary"]
[WhiteTeamCountry "UKR"]
[BlackTeamCountry "HUN"]

1. d4 {Krasenkow,Michal} Nf6 2. c4 g6 3. Nc3 d5 4. Nf3 Bg7 5. Bf4 O-O 6. Rc1 Bg4 ({RR} 6... Be6 7. Ng5 ({RR} 7. Qb3 c5 8. Qxb7 Qb6 9. Qxb6 axb6 10. e3 dxc4 11. dxc5 bxc5 12. Ng5 Bd5 13. Nxd5 Nxd5 14. Bxc4 Nxf4 15. exf4 Bxb2 16. Rc2 Bf6 17. O-O Nc6 18. Bd5 Nb4 19. Rxc5 Nxd5 20. Rxd5 Rxa2) ({RR} 7. e3 dxc4) 7... c5 8. dxc5 ({RR} 8. e3 Bg4 9. f3 cxd4 10. exd4 Bf5) 8... d4 9. Nb5 Nc6 ({RR} 9... Bd7 10. Nxd4 ({RR} 10. Nc7 Nh5) 10... Qa5+ 11. Qd2 Qxa2) 10. Nc7 Bf5 11. Nxa8 e5 12. Bd2 e4 13. e3 h6 14. Nh3 ({RR} 14. exd4 hxg5 15. Bxg5 Nxd4) 14... Bxh3 15. gxh3 Ne5 16. Bg2 Nd3+ 17. Kf1 Nxc1 18. Qxc1 d3 19. Bc3 Qe7 ({RR} 19... Re8) 20. Nc7 Qxc7 21. Bxf6 {½-½ Grischuk,A (2761)-Caruana,F (2770) Moscow Tal Memorial 7th 2012 (5)}) ({RR} 6... Nh5 7. Be5 f6 8. Bg3 dxc4 9. e3 Be6 10. Qa4 Nxg3 11. hxg3 Nd7 12. Bxc4 Bf7 13. Bxf7+ Rxf7 14. Qb3 c5 15. Rxh7 Rc8 16. Rh1 cxd4 17. exd4 e5 18. Rd1 e4 19. Nd2 f5 20. Nc4 Qc7 21. Ne3 {1-0 Kosic,D (2486)-Chovan,M (2284) Budapest FS02 GM 2017 (1)}) 7. e3 c5 $146 ({RR} 7... Nh5 8. Nxd5 Nxf4 9. Nxf4 c5 10. Be2 Qa5+ 11. Qd2 Qxa2 12. O-O Nc6 13. Ra1 Qb3 14. Nd5 Bxf3 15. Ra3 Qxa3 16. bxa3 Bxe2 17. Qxe2 cxd4 18. Nb4 Nxb4 19. axb4 e5 20. Qf3 b6 21. exd4 exd4 22. b5 {½-½ Kukhmazov,A (2351)-Paravyan,D (2428) Moscow-chT 2014 (7.3)}) 8. dxc5 Bxf3 9. Qxf3 Ne4 10. cxd5 Bxc3+ 11. bxc3 Qxd5 12. Rd1 Qe6 13. Rd4 Nxc5 14. Bc4 Qc6 15. Bd5 Qb5 16. a4 Nd3+ 17. Kd2 Qb2+ 18. Kxd3 Na6 19. Rc4 Rad8 20. Be5 e6 21. Qf6 Rxd5+ 22. Ke4 Rxe5+ 23. Kxe5 Qe2 24. Rd4 Nb8 25. Rd6 Qc4 26. Qf4 0-1

[Event "45th Olympiad 2024"]
[Site "Budapest HUN"]
[Date "2024.09.15"]
[Round "5.2"]
[Board "2"]
[White "Sjugirov, Sanan"]
[Black "Ponomariov, Ruslan"]
[Result "1/2-1/2"]
[WhiteElo "2644"]
[BlackElo "2654"]
[PlyCount "60"]
[EventDate "2024.09.11"]
[WhiteTeam "Hungary"]
[BlackTeam "Ukraine"]
[WhiteTeamCountry "HUN"]
[BlackTeamCountry "UKR"]

1. e4 e5 2. Nf3 Nc6 3. Bb5 Nf6 4. d3 Bc5 5. O-O Nd4 6. Nxd4 Bxd4 7. Nd2 O-O 8. c3 Bb6 9. Nc4 ({RR} 9. Nf3 c6 10. Ba4 Re8 11. Re1 h6 12. Be3 d5 13. exd5 Nxd5 14. Bxb6 axb6 15. Bc2 Bg4 16. h3 Bh5 17. g4 Bg6 18. Nxe5 Nf4 19. Qf3 Qg5 20. Nxg6 Nxg6 21. d4 Nh4 22. Qd3 g6 23. a3 Qf4 {1-0 Khamdamova,A (2327)-Carrasco Miranda,A (2247) Titled Tue 19th Mar Early 2024 (10)}) 9... d5 10. exd5 Qxd5 11. a4 $146 ({RR} 11. Nxb6 axb6 12. Bc4 Qd6 13. Bg5 Bg4 14. Qe1 Rfe8 15. Bxf6 Qxf6 16. Qe4 Qg6 17. Rfe1 Qxe4 18. dxe4 Rad8 19. f3 Be6 20. Bxe6 Rxe6 21. Rad1 Red6 22. Rxd6 Rxd6 23. Kf2 Rd2+ 24. Re2 Rd1 25. Re1 Rd2+ {½-½ Zhigalko,A (2545)-Ragger,M (2687) Wch Rapid St Petersburg 2018 (3)}) ({RR} 11. Nxb6 axb6 12. Bc4 Qd6 13. Qf3 Re8 14. Bg5 h6 15. Bxf6 Qxf6 16. Qxf6 gxf6 17. f4 {½-½ Fedorchuk,S (2667)-Erdos,V (2650) CRO-chT Bol 2013 (5.3)}) ({RR} 11. Nxb6 axb6 12. Bc4 Qd6 13. Bg5 Bg4 14. Qe1 Bf5 15. f4 exf4 16. Bxf4 Qd7 17. Bg5 Nd5 18. Qg3 Bg6 19. h4 c6 20. Rf3 h5 21. Raf1 Rae8 22. Bb3 Kh7 23. Bd1 Qc7 24. Qf2 b5 25. a3 Qb6 {½-½ Aaron,D (2308)-Bakija,A (2089) 12th Split Open 2023 (5.15)}) 11... Bc5 12. Re1 Ng4 13. Ne3 Bxe3 14. Bxe3 Qd6 15. h3 Nxe3 16. Rxe3 Be6 17. Qe2 c6 18. Bc4 Bxc4 19. dxc4 f6 20. Rd1 Qc7 21. f4 Rae8 22. c5 Re7 23. fxe5 Rxe5 24. Rxe5 Qxe5 25. Qxe5 fxe5 26. b4 a5 27. Rd7 Rf7 28. Rd8+ Rf8 29. Rd7 Rf7 30. Rd8+ Rf8 1/2-1/2

[Event "45th Olympiad 2024"]
[Site "Budapest HUN"]
[Date "2024.09.15"]
[Round "5.2"]
[Board "3"]
[White "Korobov, Anton"]
[Black "Berkes, Ferenc"]
[Result "1/2-1/2"]
[WhiteElo "2650"]
[BlackElo "2605"]
[PlyCount "110"]
[EventDate "2024.09.11"]
[WhiteTeam "Ukraine"]
[BlackTeam "Hungary"]
[WhiteTeamCountry "UKR"]
[BlackTeamCountry "HUN"]

1. e4 e6 2. d4 d5 3. Nc3 dxe4 4. Nxe4 Nd7 5. Nf3 Ngf6 6. Nxf6+ Nxf6 7. Bd3 c5 8. Be3 Qc7 9. Qe2 a6 10. h4 Bd7 11. O-O-O Rc8 12. Ne5 Ba4 13. Kb1 $146 ({RR} 13. h5 Nd5 14. Rd2 Be7 15. Qg4 Bf6 16. Kb1 h6 17. Re1 Bb5 18. Bxb5+ axb5 19. Ng6 Qa5 20. Nxh8 Nxe3 21. Rxe3 Qxd2 22. Rxe6+ Kf8 23. Ng6+ Kg8 24. Ne7+ Kf8 25. Nxc8 fxe6 26. a3 cxd4 27. Qf3 Qe1+ {½-½ LCZero 0.31-dag-5350a2e-BT4-6 (3631)-Stockfish dev-20240728-2343f7 (3662) TCEC 26 Balanced Lines 2024 (15.1)}) 13... Nd5 14. Be4 Nf6 15. Bd3 Nd5 16. Rc1 Be7 17. c4 Nxe3 18. fxe3 O-O 19. Qh5 f5 20. Qe2 Bd6 21. Nf3 e5 22. dxe5 Bxe5 23. Bc2 Bxc2+ 24. Qxc2 Rce8 25. Rcd1 Bf6 26. Qxf5 Rxe3 27. Ng5 Bxg5 28. Qd5+ Qf7 29. hxg5 Qxd5 30. Rxd5 b6 31. Rd6 Rg3 32. Rxb6 Rxg5 33. Rxa6 Rxg2 34. Ra5 Rc8 35. a4 Rg4 36. Ra7 Rxc4 37. Rg1 g6 38. Rh1 h5 39. Re1 Rb8 40. Re6 Rg4 41. a5 h4 42. Ree7 Rgb4 43. Rg7+ Kh8 44. Rh7+ Kg8 45. a6 Rxb2+ 46. Kc1 R8b3 47. Rag7+ Kf8 48. Rf7+ Kg8 49. Rfg7+ Kf8 50. Rd7 Kg8 51. a7 Rb1+ 52. Kc2 R1b2+ 53. Kd1 Ra3 54. Rdg7+ Kf8 55. Rf7+ Kg8 1/2-1/2

[Event "45th Olympiad 2024"]
[Site "Budapest HUN"]
[Date "2024.09.15"]
[Round "5.2"]
[Board "4"]
[White "Gledura, Benjamin"]
[Black "Onyshchuk, Volodymyr"]
[Result "1/2-1/2"]
[WhiteElo "2628"]
[BlackElo "2610"]
[PlyCount "70"]
[EventDate "2024.09.11"]
[WhiteTeam "Hungary"]
[BlackTeam "Ukraine"]
[WhiteTeamCountry "HUN"]
[BlackTeamCountry "UKR"]

1. e4 c6 2. d4 d5 3. Nc3 dxe4 4. Nxe4 Nf6 5. Nxf6+ exf6 6. c3 Bd6 7. Bd3 O-O 8. Ne2 Re8 9. O-O Na6 10. Qc2 ({RR} 10. Bf4 Nc7 11. Qd2 Be6 12. Rfe1 Nd5 13. Bg3 g6 14. a3 Bxg3 15. hxg3 Qd6 16. c4 Ne7 17. Qc3 Rad8 18. Rad1 Bg4 19. f3 Bf5 20. Be4 h5 21. b4 b6 22. Kf2 Kg7 23. a4 Qc7 24. Nf4 h4 {0-1 Maghsoodloo,P (2676)-Svane,R (2613) Online Olym Div Top-A rapid 2020 (2.1)}) ({RR} 10. Ng3 Nc7 11. Qf3 g6 12. Ne4 Be7 13. Bf4 f5 14. Nc5 Nd5 15. Bh6 b6 16. Nb3 a5 17. a4 Bg5 18. Bxg5 Qxg5 19. Rae1 Be6 20. Nd2 Qxd2 {0-1 Skotheim,A (2234)-Kushko,D (2444) Titled Tue 27th Aug Late 2024 (10)}) 10... g6 11. Bd2 $146 ({RR} 11. Bf4 Rxe2 12. Qxe2 Bxf4 13. Bxa6 bxa6 14. Rfe1 Be6 15. Qe4 Qd6 16. g3 Bh6 17. a3 Bf8 18. Rad1 Bd5 19. Qe3 Qd7 20. b4 Qh3 21. f3 Qf5 22. Kf2 h5 23. Qd3 Qh3 24. Kg1 a5 25. c4 Be6 {0-1 Kakoschke,D (1840)-Platz,D (1656) GER Cup Net V3 U2000 blitz 2020 (8)}) ({RR} 11. Bh6 f5 12. Qd2 Be6 13. Rfe1 Nc7 14. c4 a5 15. a3 b5 16. Rac1 bxc4 17. Bxc4 Nd5 18. Bg5 Qb8 19. h3 Ra7 20. Bxd5 Bxd5 21. Nf4 Bb3 22. Rxe8+ Qxe8 23. Re1 Qb8 24. Qe3 f6 25. Nxg6 hxg6 {0-1 Kovanova,B (2317)-Charochkina,D (2344) TCh-RUS Rapid w 2022 (3.4)}) 11... Nc7 12. c4 Bd7 13. Rfe1 f5 14. Qb3 b6 15. Bf4 Bxf4 16. Nxf4 Qf6 17. Qc3 Qd6 18. g3 Ne6 19. Nxe6 Bxe6 20. Be2 Rad8 21. Rad1 f4 22. Bf3 fxg3 23. hxg3 c5 24. dxc5 Qxc5 25. Bd5 Bxd5 26. Rxe8+ Rxe8 27. Rxd5 Qe7 28. b4 Qe4 29. a3 h5 30. Qd3 Qe7 31. Rd4 Qf6 32. Kg2 Re1 33. Rd8+ Kg7 34. Qd4 Qxd4 35. Rxd4 Ra1 1/2-1/2

[Event "45th Olympiad 2024"]
[Site "Budapest HUN"]
[Date "2024.09.15"]
[Round "5.3"]
[Board "1"]
[White "Shirov, Alexei"]
[Black "Ding, Liren"]
[Result "1/2-1/2"]
[WhiteElo "2666"]
[BlackElo "2736"]
[PlyCount "87"]
[EventDate "2024.09.11"]
[WhiteTeam "Spain"]
[BlackTeam "China"]
[WhiteTeamCountry "ESP"]
[BlackTeamCountry "CHN"]

1. d4 Nf6 2. c4 e6 3. Nf3 d5 4. g3 Bb4+ 5. Bd2 Be7 6. Bg2 O-O 7. O-O c6 8. Bc3 dxc4 9. a4 b5 10. axb5 cxb5 11. Ne5 Nd5 12. Ba5 Qe8 13. b3 Nc6 14. bxc4 bxc4 15. e4 Nf6 ({RR} 15... Nxa5 16. exd5 Bb4 17. Na3 f6 18. Nc6 Nxc6 19. dxc6 a5 20. Nxc4 Ba6 21. Qc2 Bb5 22. Rfc1 Bxc6 23. Nd6 Qe7 24. Bxc6 Qxd6 25. Bxa8 Rxa8 26. Qe4 Qd5 27. Qxd5 exd5 28. Rc7 a4 29. Rac1 a3 30. Rc8+ {1-0 Cao,Q (2189)-Wu,Y (2326) TCh-CHN DivA Standard 2024 (4.3)}) 16. Nxc6 Qxc6 17. d5 Qd7 $146 ({RR} 17... exd5 18. exd5 Qd6 19. Re1 Bg4 20. Qd4 Bd8 21. Qxc4 Bxa5 22. Rxa5 Rfe8 23. Rxe8+ Rxe8 24. h3 Rc8 25. Qd4 Rc1+ 26. Kh2 Rxb1 27. hxg4 Rb4 28. Qxa7 Nxg4+ 29. Kg1 Rb1+ 30. Bf1 h5 31. Qd4 Qb4 32. Qxb4 {½-½ Seres,L (2458)-Collins,S (2412) Budapest FS10 GM 2008 (1)}) ({RR} 17... Qc5 18. Bc3 exd5 19. Bd4 Qb4 20. Nc3 dxe4 21. Nxe4 Rb8 22. Rxa7 Rd8 23. Qa1 Nxe4 24. Bxe4 c3 25. Ra4 Rxd4 26. Rxb4 Rdxb4 27. Qa7 Bf6 28. Bd5 Bh3 29. Qxf7+ Kh8 30. Bg2 Bf5 31. Re1 Rb1 32. Rxb1 {0-1 Muthaiah,A (2458)-Matlakov,M (2677) 29th Abu Dhabi Masters 2023 (4.12)}) 18. Nc3 Rb8 19. Qd4 exd5 20. exd5 Ba6 21. Rfd1 Bd6 22. Bd8 Rfxd8 23. Rxa6 Rb6 24. Rxb6 axb6 25. Qxc4 Bc5 26. Ne4 Nxe4 27. Bxe4 g6 28. Kg2 Qe7 29. Bf3 Kg7 30. Qc3+ Qf6 31. Qxf6+ Kxf6 32. Be2 Ke7 33. Ra1 Rxd5 34. Ra7+ Rd7 35. Rxd7+ Kxd7 36. Bc4 f6 37. f4 Kc6 38. h4 b5 39. Bg8 h6 40. g4 g5 41. fxg5 fxg5 42. hxg5 hxg5 43. Kf3 b4 44. Ke4 1/2-1/2

[Event "45th Olympiad 2024"]
[Site "Budapest HUN"]
[Date "2024.09.15"]
[Round "5.3"]
[Board "2"]
[White "Wei, Yi"]
[Black "Anton Guijarro, David"]
[Result "1-0"]
[WhiteElo "2762"]
[BlackElo "2665"]
[PlyCount "137"]
[EventDate "2024.09.11"]
[WhiteTeam "China"]
[BlackTeam "Spain"]
[WhiteTeamCountry "CHN"]
[BlackTeamCountry "ESP"]

1. e4 c5 2. Nf3 Nc6 3. d4 cxd4 4. Nxd4 g6 5. c4 Nf6 6. Nc3 d6 7. Be2 Nxd4 8. Qxd4 Bg7 9. Be3 O-O 10. Qd2 a5 11. f3 a4 12. Rc1 Be6 13. Nd5 ({RR} 13. Nb5 Qa5 14. Rc2 Rfc8 15. Qxa5 Rxa5 16. Kd2 Nd7 17. Rb1 Ne5 18. b3 axb3 19. axb3 Raa8 20. Nc3 Nc6 21. Nd5 Ra3 22. c5 Bxd5 23. exd5 Nb4 24. Rc4 Ra2+ 25. Ke1 Nxd5 26. cxd6 Rxc4 27. d7 Ra8 {½-½ Grischuk,A (2763)-Topalov,V (2752) Wch Blitz 6th 2012 (1)}) 13... Nxd5 ({RR} 13... Nd7 14. O-O Bxd5 15. cxd5 Nc5 16. Qb4 Qa5 17. Rc4 b5 18. Qxa5 Rxa5 19. Rb4 Rb8 20. Rc1 Na6 21. Rxb5 Raxb5 22. Bxb5 Rxb5 23. Rc8+ Bf8 24. Bh6 Rb8 {0-1 Ljukin,S (2362)-Milosevic,M (2315) Titled Tue 9th Jul Early 2024 (10)}) 14. cxd5 Bd7 15. a3 $146 ({RR} 15. O-O Qb8 16. Bd4 Bxd4+ 17. Qxd4 Rc8 18. Qb6 Kf8 19. a3 Rxc1 20. Rxc1 Qa7 21. Qxa7 Rxa7 22. Kf2 Ke8 23. Ke3 Kd8 24. Kd4 e6 25. dxe6 fxe6 26. f4 Ra5 27. g3 Bc6 28. Ke3 Ke7 29. h4 e5 {½-½ Gulkov,I (2358)-Svane,F (2421) Titled Tuesday intern op 13th Apr blitz 2021 (11)}) ({RR} 15. Qb4 e6 16. Kf2 exd5 17. exd5 Re8 18. Rhe1 Bxb2 19. Qxb2 Qh4+ 20. Kf1 Rxe3 21. Qxb7 Rd8 22. Bb5 Rxe1+ 23. Rxe1 Qb4 24. Bc6 Qc4+ 25. Kg1 Qd4+ 26. Kh1 Qf2 27. Rg1 Bh3 28. gxh3 Qxf3+ 29. Rg2 Qf1+ {½-½ Song,Y (2341)-Lu,M (2229) ch-CHN Women 2023 (4.2)}) 15... e6 16. dxe6 Bxe6 17. Bd4 Bxd4 18. Qxd4 Qg5 19. Kf2 Rfc8 20. h4 Qh6 21. Rc3 Rxc3 22. bxc3 Rc8 23. c4 Qf4 24. g3 Qe5 25. Rd1 h5 26. f4 Qc5 27. Qxc5 Rxc5 28. Rd4 Kf8 29. Ke3 Ke7 30. Kd3 Bd7 31. Kc3 b5 32. Rd5 Rc8 33. e5 dxe5 34. Rxe5+ Kd6 35. Rd5+ Ke7 36. c5 Be6 37. Re5 f6 38. Re3 Rxc5+ 39. Kb4 Rc1 40. Bxb5 Rb1+ 41. Kxa4 Kd6 42. Ka5 Bf5 43. a4 Kc5 44. Rc3+ Kd4 45. Rc4+ Kd5 46. Rc6 Rg1 47. Kb6 Rxg3 48. a5 Rb3 49. Rc5+ Kd6 50. a6 Be4 51. a7 Rb2 52. Rc8 Bh1 53. Rc3 Ba8 54. Rg3 Ke6 55. Rxg6 Kf5 56. Rh6 Kxf4 57. Rxh5 f5 58. Rh8 Bh1 59. Rg8 Ke5 60. h5 f4 61. h6 Rh2 62. Rg6 Ba8 63. Bc6 f3 64. Bxa8 f2 65. Bg2 Rxg2 66. Rxg2 f1=Q 67. a8=Q Qb1+ 68. Ka7 Qa1+ 69. Kb8 1-0

[Event "45th Olympiad 2024"]
[Site "Budapest HUN"]
[Date "2024.09.15"]
[Round "5.3"]
[Board "3"]
[White "Vallejo Pons, Francisco"]
[Black "Yu, Yangyi"]
[Result "1/2-1/2"]
[WhiteElo "2657"]
[BlackElo "2703"]
[PlyCount "61"]
[EventDate "2024.09.11"]
[WhiteTeam "Spain"]
[BlackTeam "China"]
[WhiteTeamCountry "ESP"]
[BlackTeamCountry "CHN"]

1. e4 e5 2. Nf3 Nc6 3. Nc3 Nf6 4. d4 exd4 5. Nxd4 Bb4 6. Nxc6 bxc6 7. Bd3 d5 8. exd5 O-O 9. O-O cxd5 10. h3 Rb8 11. a3 Be7 12. b3 c5 13. Re1 Be6 14. Bf4 Bd6 15. Qd2 Re8 $146 ({RR} 15... Bxf4 16. Qxf4 Qa5 17. Ne2 Rfe8 18. Ng3 Bd7 19. b4 cxb4 20. Rxe8+ Rxe8 21. Qxb4 Qc7 22. Rb1 h6 23. Ne2 Rc8 24. Nd4 Re8 25. Nf3 Rc8 26. Qb7 Qc5 27. Ne5 Be6 28. Qb4 Qc7 29. Qd4 Ne4 30. Ng4 {½-½ Demchenko,A (2632)-Sjugirov,S (2675) RUS-ch Higher League 73rd 2020 (7)}) 16. Nb5 Bxf4 17. Qxf4 Re7 18. b4 a6 19. Nc3 cxb4 20. axb4 Reb7 21. Rxa6 Rxb4 22. Qd6 Qxd6 23. Rxd6 g6 24. Ra6 Nh5 25. Ne2 Nf4 26. Nxf4 Rxf4 27. g3 Rfb4 28. Kg2 Rb1 29. Ra1 Rxe1 30. Rxe1 Kg7 31. h4 1/2-1/2